Educación ambiental : modulo para formación de maestros y supervisores de escuelas primarias /
Guardado en:
| Formato: | Libro |
|---|---|
| Publicado: |
Chile :
Unesco / Orealc,
1983
|
| Series: | Serie Educación Ambiental
|
| Materias: | |
| Etiquetas: |
Agregar Etiqueta
Sin Etiquetas, Sea el primero en etiquetar este registro!
|
| LEADER | 00768nam a22002175a 4500 | ||
|---|---|---|---|
| 001 | CEM.cems009545 | ||
| 005 | 20080901085943.0 | ||
| 008 | 130507s1983##################000#0#####d | ||
| 003 | CEMS | ||
| 082 | 0 | 4 | |a 370.7 |
| 245 | 0 | 0 | |a Educación ambiental : |b modulo para formación de maestros y supervisores de escuelas primarias / |
| 260 | |a Chile : |b Unesco / Orealc, |c 1983 | ||
| 300 | |a 190 p. | ||
| 490 | 0 | |a Serie Educación Ambiental | |
| 500 | |a Programa Internacional de Educación Ambiental | ||
| 505 | 0 | |a Contenido de la educación ambiental -- Metodolog¡a para educación ambiental | |
| 653 | |a Educación | ||
| 653 | |a Educación ambiental | ||
| 653 | |a Formación de maestros | ||
| 653 | |a Medio ambiente | ||
| 859 | |a CEMS |b BIB. CEMS - 11 de abril |h 370.7 |i Un1 |p 15233.88 |t Ej.1 | ||
